| 000 | 00640nam a22002057a 4500 | ||
|---|---|---|---|
| 999 |
_c168327 _d168327 |
||
| 005 | 20191004130929.0 | ||
| 010 | _aB-730486 | ||
| 020 |
_a9789384401085 _c160.00 |
||
| 035 | _aB-730486 | ||
| 037 |
_aDPL _bPancy |
||
| 082 | _a921 | ||
| 245 |
_aAdolf Hitler:biography / _bedited by Kaushal K. Goyal |
||
| 260 |
_aN.Delhi _bPigeon Books India _c2017 |
||
| 270 |
_a16, Ansari Road,Daryaganj, _bN.Delhi _e110002 |
||
| 300 |
_a165p. _b20cm.(pb) _cill. |
||
| 490 | _aPigeon Books India | ||
| 700 | _dGoyal,Kaushal K. | ||
| 942 |
_2ddc _cCH _h921 _mHIT |
||